LIBRARY ONLINE CATALOGUE

Essentials of econometrics. (Record no. 10748)

MARC details
000 -LEADER
fixed length control field 00658nam a22002292 4500
001 - CONTROL NUMBER
control field 0000004261
005 - DATE AND TIME OF LATEST TRANSACTION
control field 20151217154346.0
008 - FIXED-LENGTH DATA ELEMENTS--GENERAL INFORMATION
fixed length control field 070522s xx 000 0 eng d
020 ## - INTERNATIONAL STANDARD BOOK NUMBER
International Standard Book Number 0071244484 :
Terms of availability KES 3,200
040 ## - CATALOGING SOURCE
Original cataloging agency KABU
Transcribing agency KABU
050 #0 - LIBRARY OF CONGRESS CALL NUMBER
Classification number HB139
Item number .G85 2006
100 1# - MAIN ENTRY--PERSONAL NAME
Personal name Gujarati, Damodar N.
-- 0000149923
245 10 - TITLE STATEMENT
Title Essentials of econometrics.
250 ## - EDITION STATEMENT
Edition statement 3rd ed.
260 ## - PUBLICATION, DISTRIBUTION, ETC. (IMPRINT)
Place of publication, distribution, etc. Boston :
Name of publisher, distributor, etc. McGraw-Hill,
Date of publication, distribution, etc. 2006.
300 ## - PHYSICAL DESCRIPTION
Extent xxii, 553 p.
650 #0 - SUBJECT ADDED ENTRY--TOPICAL TERM
Topical term or geographic name as entry element Econometrics.
-- 0000148275
650 #0 - SUBJECT ADDED ENTRY--TOPICAL TERM
Topical term or geographic name as entry element Economics
General subdivision Statistical methods.
-- 0000149882
908 ## - PUT COMMAND PARAMETER (RLIN)
Put command parameter 070522
950 ## - LOCAL HOLDINGS (RLIN)
-- 1
Holdings
Withdrawn status Lost status Source of classification or shelving scheme Not for loan Home library Current library Date acquired Total Checkouts Full call number Barcode Date last seen Date last checked out Price effective from Koha item type
    Library of Congress Classification   Kabarak, Main Campus Kabarak, Main Campus 17/12/2015 7 HB139 .G85 2006 000610 02/08/2024 19/06/2024 17/12/2015 General Collection